United Nations Security Council and Global Stability

Úlohy Bezpečnostnej rady OSN pri udržiavaní globálneho mieru.

Saved in:
Bibliographic Details
Main Author: Ola, Temitope Peter
Format: Book Chapter
Language:English
Subjects:
Tags: Add Tag
No Tags, Be the first to tag this record!

MARC

LEADER 00000naa a2200000 4500
001 0297115
005 20231114085650.0
041 0 |a eng 
044 |a SK 
245 1 0 |a United Nations Security Council and Global Stability  |c Temitope Peter Ola 
520 |a Úlohy Bezpečnostnej rady OSN pri udržiavaní globálneho mieru. 
610 2 0 |a bezpečnosť 
610 2 0 |a problémy globálne 
610 2 0 |a vzťahy medzinárodné 
610 2 0 |a mier 
610 2 0 |a reformy 
610 2 0 |a právo 
610 2 0 |a Organizácia spojených národov 
100 1 |a Ola, Temitope Peter